000 004940000a22001810004500
003 MACL
005 20160309133252.0
008 160309b xxu||||| |||| 00| 0 eng d
040 _aMACL
_cMACL
041 _aHindi
082 _a891.431
100 _aगुप्‍त श्री सियारामशरण
_941758
245 _aबापू
260 _bसाहित्‍य सदन
_aझॉसी
350 _a1
650 _aPoetry
_944096
942 _cHIN
_k891.431
_2ddc
999 _c23914
_d23914